Marketingová analýza zahraničného trhu bakalárska práca

Guardado en:
Detalles Bibliográficos
Autor principal: Čerkalová, Aneta
Autor Corporativo: Fakulta podnikového manažmentu EU. Katedra manažmentu
Otros Autores: Ljudvigová, Ivana
Formato: Libro
Lenguaje:eslovaco
Publicado: Bratislava 2014
Etiquetas: Agregar Etiqueta
Sin Etiquetas, Sea el primero en etiquetar este registro!

MARC

LEADER 00000nbm a2200000 4500
001 0189520
005 20170201091039.5
041 0 |a slo 
044 |a SK 
245 1 0 |a Marketingová analýza zahraničného trhu  |b bakalárska práca  |c Aneta Čerkalová ; školiteľ: Ivana Ljudvigová 
264 1 |a Bratislava  |c 2014 
300 |a 57 s. 
100 1 |a Čerkalová, Aneta 
700 1 |a Ljudvigová, Ivana 
710 2 |a Fakulta podnikového manažmentu EU. Katedra manažmentu